Catálogo
 En Linea

Nacimiento de Venezuela intelectual : (Registro nro. 1034)

Detalles MARC
000 -CABECERA
campo de control de longitud fija 00688cam a2200205 a 4500
001 - NÚMERO DE CONTROL
campo de control 000001070
003 - IDENTIFICADOR DEL NÚMERO DE CONTROL
campo de control DO-SdBNP
005 - FECHA Y HORA DE LA ÚLTIMA TRANSACCIÓN
campo de control 20251029114537.0
008 - DATOS DE LONGITUD FIJA--INFORMACIÓN GENERAL
campo de control de longitud fija 750728s1939 ve 000 0 spa
040 ## - FUENTE DE LA CATALOGACIÓN
Centro catalogador/agencia de origen DO-SdBNP
Lengua de catalogación spa
Centro/agencia transcriptor BNPHU
082 ## - NÚMERO DE LA CLASIFICACIÓN DECIMAL DEWEY
Número de clasificación 987
Número de documento/Ítem P598n
100 1# - ENTRADA PRINCIPAL--NOMBRE DE PERSONA
Nombre de persona Picón Febres, Gonzalo,
Fechas asociadas al nombre 1860-1918.
9 (RLIN) 3664
245 10 - MENCIÓN DE TÍTULO
Título Nacimiento de Venezuela intelectual :
Resto del título historia y crítica histórica /
Mención de responsabilidad, etc. Gonzalo Picón Febres.
260 ## - PUBLICACIÓN, DISTRIBUCIÓN, ETC.
Lugar de publicación, distribución, etc. Caracas :
Nombre del editor, distribuidor, etc. Cooperativa de artes gráficas,
Fecha de publicación, distribución, etc. 1939.
300 ## - DESCRIPCIÓN FÍSICA
Extensión t ;
Dimensiones 24 cm.
500 ## - NOTA GENERAL
Nota general La biblioteca posee el tomo 1.
650 #7 - PUNTO DE ACCESO ADICIONAL DE MATERIA--TÉRMINO DE MATERIA
Término de materia o nombre geográfico como elemento de entrada Educación
Subdivisión geográfica Venezuela
9 (RLIN) 3666
Fuente del encabezamiento o término LEMB
651 #7 - PUNTO DE ACCESO ADICIONAL DE MATERIA--NOMBRE GEOGRÁFICO
Nombre geográfico Venezuela
Subdivisión general Vida intelectual
9 (RLIN) 26230
Fuente del encabezamiento o término LEMB
942 ## - ELEMENTOS DE PUNTO DE ACCESO ADICIONAL (KOHA)
Fuente del sistema de clasificación o colocación Dewey Decimal Classification
Tipo de ítem Koha Libro
Existencias
Estado de retiro Estado de pérdida Restricciones de uso No para préstamo Código de colección Localización permanente Ubicación/localización actual Ubicación en estantería Fecha de adquisición Número de inventario Total de préstamos Signatura topográfica completa Código de barras Fecha visto por última vez Precio válido a partir de Tipo de ítem Koha
    Préstamo interno Préstamo en sala Dominicana de Servicio Biblioteca Nacional Pedro Henríquez Ureña Biblioteca Nacional Pedro Henríquez Ureña Depósito 03.09.2009 LF1   987 P598n 1070-10 25.06.2020 25.06.2020 Libros y folletos

Con tecnología Koha